Planning Policy Statement 25 (Record no. 108369)
[ view plain ]
| 000 -LEADER | |
|---|---|
| fixed length control field | 01972cad a22003015a 4500 |
| 001 - CONTROL NUMBER | |
| control field | L144058 |
| 008 - FIXED-LENGTH DATA ELEMENTS--GENERAL INFORMATION | |
| fixed length control field | 061211s2008 f f000 0 eng d |
| 020 ## - INTERNATIONAL STANDARD BOOK NUMBER | |
| International Standard Book Number | 9781851129362 |
| 035 ## - SYSTEM CONTROL NUMBER | |
| System control number | (Sirsi) u144058 |
| 041 0# - LANGUAGE CODE | |
| Language code of text/sound track or separate title | eng |
| 050 04 - LIBRARY OF CONGRESS CALL NUMBER | |
| Classification number | 711.26 $2 18 |
| 110 1# - MAIN ENTRY--CORPORATE NAME | |
| Corporate name or jurisdiction name as entry element | United Kingdom |
| Subordinate unit | Department for Communities and Local Government |
| 9 (RLIN) | 4939 |
| 245 00 - TITLE STATEMENT | |
| Title | Planning Policy Statement 25 |
| Remainder of title | development and flood risk |
| Medium | [electronic resource] |
| 260 ## - PUBLICATION, DISTRIBUTION, ETC. | |
| Place of publication, distribution, etc. | London |
| Name of publisher, distributor, etc. | TSO |
| Date of publication, distribution, etc. | 2008 |
| 490 #0 - SERIES STATEMENT | |
| Series statement | Planning Policy Statement |
| Volume/sequential designation | 25 |
| 505 1# - FORMATTED CONTENTS NOTE | |
| Formatted contents note | Introduction -- Taking flood risk into account in the planning process -- The assessment of flood risk -- The sequential and exception tests -- Managing surface water -- Risk management by design -- Residual risk -- Appendices and glossary |
| 520 ## - SUMMARY, ETC. | |
| Summary, etc. | This document provides official guidelines on how to implement development and flood risk policies by the land use planning system. It is aimed at regional planning bodies and local planning authorities. It explains how these policies can be varied in light of specific circumstances. The approach adopted is summarised as follows: assess - avoid - substitute - control - mitigate. The guide is complementary to Planning Policy Statement 25: Development and Flood Risk (PPS25) (see L135772). |
| 520 ## - SUMMARY, ETC. | |
| Summary, etc. | Supersedes Development and Flood Risk: A Practice Companion to PPS25 (L136715). |
| 520 ## - SUMMARY, ETC. | |
| Summary, etc. | Superseded by the practice guide published in December 2009, ISBN 9781409820550 (L148967). |
| 590 ## - LOCAL NOTE (RLIN) | |
| Local note | KA NTK |
| 650 24 - SUBJECT ADDED ENTRY--TOPICAL TERM | |
| Topical term or geographic name entry element | PLANNING POLICY STATEMENT 25 |
| 650 24 - SUBJECT ADDED ENTRY--TOPICAL TERM | |
| Topical term or geographic name entry element | PLANNING POLICY GUIDANCE NOTE 25 |
| 651 #4 - SUBJECT ADDED ENTRY--GEOGRAPHIC NAME | |
| Geographic name | England |
| Chronological subdivision | 886- |
| 690 ## - LOCAL SUBJECT ADDED ENTRY--TOPICAL TERM (OCLC, RLIN) | |
| Topical term or geographic name as entry element | ENVIRONMENTAL AND LAND CONSULTANCY-PLANNING AND DEVELOPMENT-PLANNING GUIDANCE |
| 690 ## - LOCAL SUBJECT ADDED ENTRY--TOPICAL TERM (OCLC, RLIN) | |
| Topical term or geographic name as entry element | ENVIRONMENTAL AND LAND CONSULTANCY-WATER RESOURCE MANAGEMENT-FLOODING |
| 856 40 - ELECTRONIC LOCATION AND ACCESS | |
| Uniform Resource Identifier | <a href="https://www.communities.gov.uk/publications/planningandbuilding/pps25practiceguide">https://www.communities.gov.uk/publications/planningandbuilding/pps25practiceguide</a> |
| Public note | View the item free of charge at www.communities.gov.uk.. |
| 942 ## - ADDED ENTRY ELEMENTS (KOHA) | |
| Suppress in OPAC | 0 |
| Withdrawn status | Lost status | Source of classification or shelving scheme | Damaged status | Not for loan | Home library | Current library | Shelving location | Date acquired | Total Checkouts | Full call number | Barcode | Date last seen | Copy number | Price effective from | Koha item type |
|---|---|---|---|---|---|---|---|---|---|---|---|---|---|---|---|
| Dewey Decimal Classification | Virtual | Virtual | Online | 12/06/2008 | ONLINE PUBLICATION | 144058-2001 | 06/08/2019 | 1 | 06/08/2019 | Book |